000
00212 a2200097 4500
001
13930
100
_a
Loomis R S
245
_a
Modern English Readings
260
_a
New York
_b
Rinehart
_c
090
_c
10898
_d
10898
942
_a
NUST-CAE
_c
M
_c
1000
999
_c
249003
_d
249003